Planning and management in the African power sector / (Record no. 304)

MARC details
000 -LEADER
fixed length control field 01650cam a2200349 a 4500
001 - CONTROL NUMBER
control field 12490385
003 - CONTROL NUMBER IDENTIFIER
control field OSt
005 - DATE AND TIME OF LATEST TRANSACTION
control field 20230605111935.0
008 - FIXED-LENGTH DATA ELEMENTS--GENERAL INFORMATION
fixed length control field 010801s1998 enka b 001 0 eng
010 ## - LIBRARY OF CONGRESS CONTROL NUMBER
LC control number 2001419213
020 ## - INTERNATIONAL STANDARD BOOK NUMBER
International Standard Book Number 1856495523
040 ## - CATALOGING SOURCE
Original cataloging agency DLC
Transcribing agency DLC
Modifying agency DLC
043 ## - GEOGRAPHIC AREA CODE
Geographic area code f------
082 ## - DEWEY DECIMAL CLASSIFICATION NUMBER
Classification number 333.7932
Item number PLA
245 00 - TITLE STATEMENT
Title Planning and management in the African power sector /
Statement of responsibility, etc. Lucy Khalema-Redeby ... [et al.] ; with an introduction by V. Ranganathan.
246 14 - VARYING FORM OF TITLE
Title proper/short title Planning & management in the African power sector
260 ## - PUBLICATION, DISTRIBUTION, ETC. (IMPRINT)
Place of publication, distribution, etc. London ;
-- New York :
Name of publisher, distributor, etc. Zed Books in association with African Energy Policy Research Network (Afrepren), Nairobi ;
Place of publication, distribution, etc. New York :
Name of publisher, distributor, etc. Distributed in the USA exclusively by St. Martin's Press,
Date of publication, distribution, etc. 1998.
300 ## - PHYSICAL DESCRIPTION
Extent xvi, 302 p. :
Other physical details ill. ;
Dimensions 22 cm.
440 #0 - SERIES STATEMENT/ADDED ENTRY--TITLE
Title African energy policy research series
500 ## - GENERAL NOTE
General note "African Energy Policy Research Network (Afrepren)"--Cover.
504 ## - BIBLIOGRAPHY, ETC. NOTE
Bibliography, etc Includes bibliographical references and index.
650 #0 - SUBJECT ADDED ENTRY--TOPICAL TERM
Topical term or geographic name as entry element Electric utilities
Geographic subdivision Africa
General subdivision Planning
Form subdivision Case studies.
650 #0 - SUBJECT ADDED ENTRY--TOPICAL TERM
Topical term or geographic name as entry element Electric power consumption
Geographic subdivision Africa
General subdivision Forecasting
Form subdivision Case studies.
700 1# - ADDED ENTRY--PERSONAL NAME
Personal name Redeby, Lucy.
710 2# - ADDED ENTRY--CORPORATE NAME
Corporate name or jurisdiction name as entry element African Energy Policy Research Network.
856 42 - ELECTRONIC LOCATION AND ACCESS
Materials specified Contributor biographical information
Uniform Resource Identifier <a href="http://www.loc.gov/catdir/bios/hol059/2001419213.html">http://www.loc.gov/catdir/bios/hol059/2001419213.html</a>
856 42 - ELECTRONIC LOCATION AND ACCESS
Materials specified Publisher description
Uniform Resource Identifier <a href="http://www.loc.gov/catdir/description/hol052/2001419213.html">http://www.loc.gov/catdir/description/hol052/2001419213.html</a>
856 41 - ELECTRONIC LOCATION AND ACCESS
Materials specified Table of contents
Uniform Resource Identifier <a href="http://www.loc.gov/catdir/toc/hol051/2001419213.html">http://www.loc.gov/catdir/toc/hol051/2001419213.html</a>
906 ## - LOCAL DATA ELEMENT F, LDF (RLIN)
a 7
b cbc
c orignew
d 3
e ncip
f 20
g y-gencatlg
942 ## - ADDED ENTRY ELEMENTS (KOHA)
Source of classification or shelving scheme Dewey Decimal Classification
Koha item type Books
Holdings
Withdrawn status Lost status Source of classification or shelving scheme Damaged status Not for loan Home library Current library Date acquired Total Checkouts Full call number Barcode Date last seen Price effective from Koha item type
    Dewey Decimal Classification     Bunge Tower Library Bunge Tower Library 06/05/2023   333.7932 PLA 10014791 06/05/2023 06/05/2023 Books
LIBRARY OPENING HOURS

When the Parliament is sitting: 8.00a.m - 7.00p.m or until the house adjourns
Mondays and Fridays and when the House is on Recess:  8.00a.m - 5.00p.m
Closed on Weekends and Public Holidays

Online Public Access Catalog (OPAC)
Website: http://www.parliament.go.ke
Bunge Library: https://libraryir.parliament.go.ke
Contact: library@parliament.go.ke | Tel no: (254-2)2221291 or 2848000 Ext 5043